00637 a2200157 45000010006000000050017000060080041000230030015000640400040000790800093001192450100002122640036003123000019003480410008003671000104003756283620260407155922.0260407a1981 arg spa dAR-UNSa-BCEJYS aAR-UNSa-BCEJYSbspacAR-UNSa-BCEJYS a339.92xCooperación económica internacional. Integración económica internacional10aAnálisis del costo de transporte subregional andino y de las operaciones de comercio exterior 1aBuenos Aires :bBID-INTALc1981 a153 p.c28 cm. aspa1 aBanco Interamericano de Desarrollo. Instituto para la Integración de América Latina (BID-INTAL)